INTEGRAL MISSION : (Record no. 8250)

MARC details
000 -LEADER
fixed length control field 00462 a2200181 4500
003 - CONTROL NUMBER IDENTIFIER
control field GBCCL
005 - DATE AND TIME OF LATEST TRANSACTION
control field 20241126110646.0
008 - FIXED-LENGTH DATA ELEMENTS--GENERAL INFORMATION
fixed length control field 190819b ||||| |||| 00| 0 eng d
020 ## - INTERNATIONAL STANDARD BOOK NUMBER
International Standard Book Number 0994591128
020 ## - INTERNATIONAL STANDARD BOOK NUMBER
International Standard Book Number 9780994591128
040 ## - CATALOGING SOURCE
Transcribing agency gbc
082 ## - DEWEY DECIMAL CLASSIFICATION NUMBER
Classification number 266
Item number MAG
100 ## - MAIN ENTRY--PERSONAL NAME
Personal name Maggay, Melba Padilla
9 (RLIN) 14359
245 ## - TITLE STATEMENT
Title INTEGRAL MISSION :
Remainder of title biblical foundations.
260 ## - PUBLICATION, DISTRIBUTION, ETC.
Place of publication, distribution, etc. Philippines:
Name of publisher, distributor, etc. MICAH GLOBAL,
Date of publication, distribution, etc. 2016
300 ## - PHYSICAL DESCRIPTION
Extent 33p. ;
942 ## - ADDED ENTRY ELEMENTS (KOHA)
Source of classification or shelving scheme Dewey Decimal Classification
Koha item type Books
Koha issues (borrowed), all copies 21
Holdings
Withdrawn status Lost status Source of classification or shelving scheme Damaged status Not for loan Home library Current Library Shelving location Date acquired Source of acquisition Cost, normal purchase price Total checkouts Total renewals Full call number Barcode Date last seen Date last checked out Copy number Cost, replacement price Price effective from Koha item type
    Dewey Decimal Classification     GRACE BIBLE COLLEGE GRACE BIBLE COLLEGE Ministry & Mission 2019-09-10 1 289.00 7 1 266 MAG 014983 2025-05-01 2020-02-25 c.1 289.00 2019-09-10 Books
    Dewey Decimal Classification     GRACE BIBLE COLLEGE GRACE BIBLE COLLEGE Ministry & Mission 2019-09-10 1 289.00 5   266 MAG 014984 2026-02-23 2026-02-19 c.2 289.00 2019-09-10 Books
    Dewey Decimal Classification     GRACE BIBLE COLLEGE GRACE BIBLE COLLEGE Ministry & Mission 2019-09-10 1 289.00 4 4 266 MAG 014985 2025-05-01 2024-06-28 c.3 289.00 2019-09-10 Books
    Dewey Decimal Classification     GRACE BIBLE COLLEGE GRACE BIBLE COLLEGE Ministry & Mission 2019-09-10 1 289.00 6 7 266 MAG 014986 2025-05-09 2021-07-13 c.4 289.00 2019-09-10 Books
© Grace Bible College Library 2025